<?xml version="1.0" encoding="UTF-8"?>
<collection xmlns="http://www.loc.gov/MARC21/slim">
 <record>
  <leader>00776nam a22002175a 4500</leader>
  <controlfield tag="001">CEM.cems020062</controlfield>
  <controlfield tag="008">230502s1996##################000#0#####d</controlfield>
  <controlfield tag="005">20230502130451.0</controlfield>
  <datafield tag="245" ind1="1" ind2="0">
   <subfield code="a">La tortuga gigante :</subfield>
   <subfield code="b">y otros cuentos de la selva /</subfield>
   <subfield code="c">Horacio Quiroga.</subfield>
  </datafield>
  <datafield tag="260" ind1=" " ind2=" ">
   <subfield code="a">Buenos Aires :</subfield>
   <subfield code="b">Colihue,</subfield>
   <subfield code="c">1996.</subfield>
  </datafield>
  <datafield tag="300" ind1=" " ind2=" ">
   <subfield code="a">84 p.</subfield>
  </datafield>
  <datafield tag="490" ind1="0" ind2=" ">
   <subfield code="a">Libros del malabarista / Gustavo Roldán</subfield>
  </datafield>
  <datafield tag="505" ind1="0" ind2=" ">
   <subfield code="a">Carta a los chicos -- La tortuga gigante -- Las medias de los flamencos -- La gama ciega -- El paso del Yabebirí</subfield>
  </datafield>
  <datafield tag="020" ind1=" " ind2=" ">
   <subfield code="a">950581528x</subfield>
  </datafield>
  <datafield tag="100" ind1="1" ind2=" ">
   <subfield code="a">Quiroga, Horacio.</subfield>
  </datafield>
  <datafield tag="653" ind1=" " ind2=" ">
   <subfield code="a">Literatura</subfield>
  </datafield>
  <datafield tag="653" ind1=" " ind2=" ">
   <subfield code="a">Literatura argentina</subfield>
  </datafield>
  <datafield tag="653" ind1=" " ind2=" ">
   <subfield code="a">Literatura infantil</subfield>
  </datafield>
  <datafield tag="653" ind1=" " ind2=" ">
   <subfield code="a">Cuentos infantiles</subfield>
  </datafield>
  <datafield tag="653" ind1=" " ind2=" ">
   <subfield code="a">Cuentos</subfield>
  </datafield>
  <datafield tag="859" ind1=" " ind2=" ">
   <subfield code="a">CEMS</subfield>
   <subfield code="b">BIB. CEMS - Agricultura</subfield>
   <subfield code="h">A868.4</subfield>
   <subfield code="i">Q484-2</subfield>
   <subfield code="p">A3525.23</subfield>
   <subfield code="t">Ej.1</subfield>
  </datafield>
 </record>
</collection>
